Praktické příklady programování : Mikropočítače TEMS 51 - V

Guardado en:
Detalles Bibliográficos
Autor principal: Reznák, Miroslav (Autor)
Formato: Libro
Lenguaje:checo
Publicado: Praha : TESLA ELTOS, 1989
Materias:
Etiquetas: Agregar Etiqueta
Sin Etiquetas, Sea el primero en etiquetar este registro!

MARC

LEADER 00000nam a22000003a 4500
001 stu84147
005 20150617225636.7
008 040219s1989----cs------------------cze-d
040 |a STU  |b slo 
041 0 |a cze 
044 |a cs 
080 |a 004.42 
100 1 |a Reznák, Miroslav  |4 aut 
245 1 |a Praktické příklady programování :  |b Mikropočítače TEMS 51 - V 
260 |a Praha :  |b TESLA ELTOS,  |c 1989 
300 |a 284 s 
650 7 |a programovanie  |2 stusub 
996 |b 284J016489  |c J*86930  |l JJSK  |s A  |a 24  |w stu84147_0001